1873 1923 1900 1259 1891 1659 1651 1354 1176 1238 1394 1532 1555 1882 1955 1395 1236 1565 1049 1706 1056 1719 1113 1400 1184 1202 1251 1110 1658 1037 1231 1440 1751 1604 1829 1741 1674 1593 1532 1076 1631 1295 1012 1688 1397 1282 1158 1095 1728 1710 1008 1441 1911 1469 1026 1160 1825 1539 1861 1507 1952 1885 1512 1019 1679 1795 1181 1369 1269 1535 1383 1953 1149 1043 1719 1267 1340 1781 1132 1090 1530 1498 1121 1803 1704 1687 1032 1294 1132 1192 1889 1520 1612 1080 1100 1555 1056 1342 1919 BCNSPRNW ULIB Ver.6.0+V

เปลี่ยนเป็นภาษาไทย

Change to English
 แสดงรายละเอียดบรรณานุกรม
  กลับหน้าหลัก

Brief Record : Get Marc (ISO 2709) : E-mail record : QR code < ปิดหน้าต่าง
LEADER : 00000nam 2200000uu 4500
001    13399114133
003     ULIB
008    120222s||||||||th 000 0 tha d
020    ^a9789744019424
060 04 ^aWY156^bพ587ก
100 0  ^aพัสมณฑ์ คุ้มทวีพร
245 10 ^aการพยาบาลผู้ป่วยมะเร็ง :^bการป้องกันและการดูแลผู้ป่วย = Oncology nursing : Prevention and caring/^cพัสมณฑ์ คุ้มทวีพร
246    ^aOncology nursing : Prevention and caring.
250    ^aพิมพ์ครั้งที่ 1
260    ^aกรุงเทพฯ :^bฮายาบุสะ กราฟฟิก,^c2553
300    ^a204 หน้า :^bภาพประกอบ ;^c26 ซม.
650  4 ^aการส่งเสริมสุขภาพ
650  4 ^aมะเร็ง^xการป้องกันและควบคุม
650  4 ^aมะเร็ง^xการพยาบาล
945    ^p250^l0^i031029
945    ^p250^l0^i031030
945    ^p250^l0^i031031
945    ^p250^l0^i031032
945    ^p250^l0^i031033
945    ^p250^l0^i031034
945    ^p250^l0^i031035
945    ^p250^l0^i031359
945    ^p250^l0^i031360
945    ^p250^l0^i031361
945    ^p250^l0^i031362
945    ^p250^l0^i031363
945    ^p250^l0^i031364
995    ^aเกษร
999    ^aใช้งานได้ทุกระบบ
รายการนี้ยังไม่มีแท็ก
คุณยังไม่ได้ล็อกอิน คุณสามารถมีกิจกรรมร่วมกับเว็บไซต์ได้ แต่ต้องล็อกอินก่อน ::
  ล็อกอิน

รายการสื่อสารสนเทศ

ลำดับที่ ประเภท เลขเรียก/บาร์โค้ด สถานที่ สถานะ
1. วิทยาศาสตร์การแพทย์ และสุขภาพ
หนังสือสำรอง
สถานะ=หนังสือสำรอง
WY156 พ587ก ฉ.1 
  Barcode: 031029
ห้องสมุดวิทยาเขตสวรรค์ประชารักษ์
►ส่วนจัดเก็บหนังสือเก่า สปร
บนชั้น
  ขอยืม
2. วิทยาศาสตร์การแพทย์ และสุขภาพ
วิทยาศาสตร์การแพทย์ และสุขภาพ
WY156 พ587ก ฉ.10 
  Barcode: 031361
ห้องสมุดวิทยาเขตสวรรค์ประชารักษ์
►ส่วนจัดเก็บหนังสือเก่า สปร
บนชั้น
  ขอยืม
3. วิทยาศาสตร์การแพทย์ และสุขภาพ
วิทยาศาสตร์การแพทย์ และสุขภาพ
WY156 พ587ก ฉ.11 
  Barcode: 031362
ห้องสมุดวิทยาเขตสวรรค์ประชารักษ์
►ส่วนจัดเก็บหนังสือเก่า สปร
บนชั้น
  ขอยืม
4. วิทยาศาสตร์การแพทย์ และสุขภาพ
วิทยาศาสตร์การแพทย์ และสุขภาพ
WY156 พ587ก ฉ.12 
  Barcode: 031363
ห้องสมุดวิทยาเขตสวรรค์ประชารักษ์
►ส่วนจัดเก็บหนังสือเก่า สปร
บนชั้น
  ขอยืม
5. วิทยาศาสตร์การแพทย์ และสุขภาพ
วิทยาศาสตร์การแพทย์ และสุขภาพ
WY156 พ587ก ฉ.3 
  Barcode: 031031
ห้องสมุดวิทยาเขตสวรรค์ประชารักษ์
►ส่วนจัดเก็บหนังสือเก่า สปร
บนชั้น
  ขอยืม
6. วิทยาศาสตร์การแพทย์ และสุขภาพ
วิทยาศาสตร์การแพทย์ และสุขภาพ
WY156 พ587ก ฉ.4 
  Barcode: 031032
ห้องสมุดวิทยาเขตสวรรค์ประชารักษ์
►ส่วนจัดเก็บหนังสือเก่า สปร
บนชั้น
  ขอยืม
7. วิทยาศาสตร์การแพทย์ และสุขภาพ
วิทยาศาสตร์การแพทย์ และสุขภาพ
WY156 พ587ก ฉ.5 
  Barcode: 031033
ห้องสมุดวิทยาเขตสวรรค์ประชารักษ์
►ส่วนจัดเก็บหนังสือเก่า สปร
บนชั้น
  ขอยืม
8. วิทยาศาสตร์การแพทย์ และสุขภาพ
วิทยาศาสตร์การแพทย์ และสุขภาพ
WY156 พ587ก ฉ.6 
  Barcode: 031034
ห้องสมุดวิทยาเขตสวรรค์ประชารักษ์
►ส่วนจัดเก็บหนังสือเก่า สปร
บนชั้น
  ขอยืม
9. วิทยาศาสตร์การแพทย์ และสุขภาพ
วิทยาศาสตร์การแพทย์ และสุขภาพ
WY156 พ587ก ฉ.7 
  Barcode: 031035
ห้องสมุดวิทยาเขตสวรรค์ประชารักษ์
►ส่วนจัดเก็บหนังสือเก่า สปร
บนชั้น
  ขอยืม
10. วิทยาศาสตร์การแพทย์ และสุขภาพ
วิทยาศาสตร์การแพทย์ และสุขภาพ
WY156 พ587ก ฉ.8 
  Barcode: 031359
ห้องสมุดวิทยาเขตสวรรค์ประชารักษ์
►ส่วนจัดเก็บหนังสือเก่า สปร
บนชั้น
  ขอยืม
11. วิทยาศาสตร์การแพทย์ และสุขภาพ
วิทยาศาสตร์การแพทย์ และสุขภาพ
WY156 พ587ก ฉ.9 
  Barcode: 031360
ห้องสมุดวิทยาเขตสวรรค์ประชารักษ์
►ส่วนจัดเก็บหนังสือเก่า สปร
บนชั้น
  ขอยืม

รายการใกล้เคียง
    ผู้แต่ง [พัสมณฑ์ คุ้มทวีพร]

    หัวเรื่อง [การส่งเสริมสุขภาพ]
    หัวเรื่อง [มะเร็ง การป้องกันและควบคุม]

BibComment


ยังไม่เคยถูกคอมเมนท์

คอมเมนท์ทรัพยากรรายการนี้
  คอมเมนท์: การพยาบาลผู้ป่วย..


 Copyright 2026. Bcnsprnw @Library